00362nam a2200157Ia 4500003000400000005001700004008004100021040000700062041000800069082001300077100001500090245003800105260003800143300000900181650001400190OSt20250816115324.0250729s2004 xx 000 0 und d cAL aeng a370 SINP aMorthy A L aTechnology mangement in libraries aNew DelhibA P H Publishingc2004 a249p aEducation